| 000 | 00528nam a2200169 u 4500 | ||
|---|---|---|---|
| 001 | 000228583 | ||
| 003 | AM-YeHGA | ||
| 005 | 20250618071545.0 | ||
| 008 | 030526s1944 ai r 000 0 arm d | ||
| 040 | _aAM-YeHGA | ||
| 100 | 1 |
_aԱրազի, Մովսես, _d1878-1964 _9972 |
|
| 245 | 1 | 0 |
_aԱնհաղթները : _bՊատմվածքներ / _cԱրազի. |
| 260 |
_aԵրևան : _bՀայպետհրատ, _c1944. |
||
| 300 |
_a145 էջ ; _c14 սմ. |
||
| 650 | 1 | 4 | _aՀայ գրականություն - պատմվածք |
| 090 | _c81754 | ||
| 999 |
_c80486 _d80486 |
||